| 000 | 00584nam a22002057a 4500 | ||
|---|---|---|---|
| 999 |
_c7569 _d7569 |
||
| 003 | OSt | ||
| 005 | 20211206113744.0 | ||
| 008 | 211206b ||||| |||| 00| 0 eng d | ||
| 020 | _a9780071086837 | ||
| 040 | _cDDC | ||
| 082 | _a657.3 SUB 2014 | ||
| 100 |
_aSubramanyam K.R _915488 |
||
| 245 | _aFinancial Statement Analysis. | ||
| 250 | _a11th ed. | ||
| 260 |
_aBoston: _b McGraw-Hill; _c2014, |
||
| 300 |
_axix, 673 p. (various pagings) : _bill.; _c26 cm |
||
| 504 | _aIncludes bibliographical references and index. | ||
| 650 |
_aFinancial statements. _93022 |
||
| 942 |
_2ddc _cBOOK |
||